Tropical ecology. (Record no. 29748)

MARC details
000 -LEADER
fixed length control field 01544nas a22004217a 4500
005 - DATE AND TIME OF LATEST TRANSACTION
control field 20031107050606.0
006 - FIXED-LENGTH DATA ELEMENTS--ADDITIONAL MATERIAL CHARACTERISTICS--GENERAL INFORMATION
fixed length control field a|||||r|||||00| 0
007 - PHYSICAL DESCRIPTION FIXED FIELD--GENERAL INFORMATION
fixed length control field ta
008 - FIXED-LENGTH DATA ELEMENTS--GENERAL INFORMATION
fixed length control field 811006c19619999ii fr p| 00| 0 eng d
010 ## - LIBRARY OF CONGRESS CONTROL NUMBER
LC control number sa 64007901
022 ## - INTERNATIONAL STANDARD SERIAL NUMBER
International Standard Serial Number 0564-3295
040 ## - CATALOGING SOURCE
Original cataloging agency CLU
Transcribing agency CLU
Modifying agency FU
-- DLC
-- OCoLC
-- DLC
-- AIP
-- NST
-- DNAL
-- NST
-- OCoLC
-- WaU
042 ## - AUTHENTICATION CODE
Authentication code lc
043 ## - GEOGRAPHIC AREA CODE
Geographic area code w------
050 ## - LIBRARY OF CONGRESS CALL NUMBER
Classification number QH540
Item number .T7
070 ## - NATIONAL AGRICULTURAL LIBRARY CALL NUMBER
Classification number 451
Item number In85
082 ## - DEWEY DECIMAL CLASSIFICATION NUMBER
Classification number 574.5/2623/05
Edition number 19
210 ## - ABBREVIATED TITLE
Abbreviated title Trop. ecol.
222 ## - KEY TITLE
Key title Tropical ecology
245 ## - TITLE STATEMENT
Title Tropical ecology.
260 ## - PUBLICATION, DISTRIBUTION, ETC. (IMPRINT)
Place of publication, distribution, etc Varanasi, India [etc.]
Name of publisher, distributor, etc International Society for Tropical Ecology,
Date of publication, distribution, etc 1961-
300 ## - PHYSICAL DESCRIPTION
Extent v.
Other physical details ill.
Dimensions 25 cm.
310 ## - CURRENT PUBLICATION FREQUENCY
Current publication frequency Semiannual
362 ## - DATES OF PUBLICATION AND/OR SEQUENTIAL DESIGNATION
Dates of publication and/or sequential designation v. 2-
510 ## - CITATION/REFERENCES NOTE
Name of source Chemical abstracts
International Standard Serial Number 0009-2258
550 ## - ISSUING BODY NOTE
Issuing body note Official publication of the International Society for Tropical Ecology.
590 ## - LOCAL NOTE (RLIN)
Local note SERBIB/SERLOC merged record
650 ## - SUBJECT ADDED ENTRY--TOPICAL TERM
Topical term or geographic name as entry element Ecology
Form subdivision Periodicals.
650 ## - SUBJECT ADDED ENTRY--TOPICAL TERM
Topical term or geographic name as entry element Ecology
Geographic subdivision Tropics
Form subdivision Periodicals.
710 ## - ADDED ENTRY--CORPORATE NAME
Corporate name or jurisdiction name as entry element International Society for Tropical Ecology.
780 ## - PRECEDING ENTRY
Title Bulletin of the International Society for Tropical Ecology
Record control number (OCoLC)8096223
270 ## - ADDRESS
Address Department of botany
City Varanasi
906 ## - LOCAL DATA ELEMENT F, LDF (RLIN)
a 7
b cbc
c serials
d 3
e ncip
f 19
g n-oclcserc
936 ## - OCLC/CONSER MISCELLANEOUS DATA (OCLC); PIECE USED FOR CATALOGING (pre-AACR2) (RLIN)
OCLC control number(s) of parallel record(s) (OCLC); Piece used for cataloging, PUC (RLIN) INC
-- summer 1981 (surrogate)
942 ## - ADDED ENTRY ELEMENTS (KOHA)
Source of classification or shelving scheme Dewey Decimal Classification
Item type Periodicals
Classification part 574.5262305
Call number suffix TRO
Serial record 1
Holdings
Withdrawn status Lost status Source of classification or shelving scheme Damaged status Not for loan Collection code Home library Current library Date acquired Total Checkouts Full call number Date last seen Price effective from Koha item type
    Dewey Decimal Classification   Not For Loan Non-fiction D.B.Act.Division D.B.Act.Division 28/08/2009   574.5262305 TRO 28/08/2009 28/08/2009 Periodicals

© Delhi Public Library
Hit Counter
free hit counter